Entry Personal Name
Number of records used in: 1
001 - CONTROL NUMBER
003 - CONTROL NUMBER IDENTIFIER
005 - DATE AND TIME OF LATEST TRANSACTION
- control field:
20231214133923.0
008 - FIXED-LENGTH DATA ELEMENTS
- fixed length control field:
880226n| acannaab| |n aaa |||
010 ## - LIBRARY OF CONGRESS CONTROL NUMBER
- LC control number:
n 86008186
040 ## - CATALOGING SOURCE
- Original cataloging agency:
DLC
- Transcribing agency:
DLC
- Modifying agency:
DLC
100 10 - HEADING--PERSONAL NAME
- Personal name:
Raghavan, V.
670 ## - SOURCE DATA FOUND
- Source citation:
His Phase diagrams of ternary ... c1987- :
- Information found:
v. 1, t.p. (V. Raghavan, Indian Inst. of Tech., New Delhi, India)
675 ## - SOURCE DATA NOT FOUND
- Source citation:
WW in Ind. sc., 1973.